<?xml version="1.0" encoding="UTF-8"?>
<record
    xmlns:xsi="http://www.w3.org/2001/XMLSchema-instance"
    xsi:schemaLocation="http://www.loc.gov/MARC21/slim http://www.loc.gov/standards/marcxml/schema/MARC21slim.xsd"
    xmlns="http://www.loc.gov/MARC21/slim">

  <leader>01053nam a2200289 a 4500</leader>
  <controlfield tag="001">u26254</controlfield>
  <controlfield tag="003">SIRSI</controlfield>
  <controlfield tag="005">20180219123929.0</controlfield>
  <controlfield tag="007">he bmbb |acu|</controlfield>
  <controlfield tag="008">040224s1984    ua a    bb    000 0 eng d</controlfield>
  <datafield tag="039" ind1=" " ind2="9">
    <subfield code="y">200402241428</subfield>
    <subfield code="z">rania</subfield>
  </datafield>
  <datafield tag="040" ind1=" " ind2=" ">
    <subfield code="a">EAL</subfield>
  </datafield>
  <datafield tag="090" ind1=" " ind2=" ">
    <subfield code="a">Thesis</subfield>
    <subfield code="b">S-7240</subfield>
  </datafield>
  <datafield tag="100" ind1="1" ind2=" ">
    <subfield code="a">El-Assal, Ahmed  Helmey Elsayed</subfield>
  </datafield>
  <datafield tag="245" ind1="1" ind2="0">
    <subfield code="a">potato tuber rots caused by fusariam</subfield>
    <subfield code="h">[microform] /</subfield>
    <subfield code="c">Ahmed Helmey Elsayed El-Assal</subfield>
  </datafield>
  <datafield tag="246" ind1="1" ind2="5">
    <subfield code="a">&#x627;&#x639;&#x641;&#x627;&#x646; &#x62F;&#x631;&#x646;&#x627;&#x62A; &#x627;&#x644;&#x628;&#x637;&#x627;&#x637;&#x633; &#x627;&#x644;&#x645;&#x62A;&#x633;&#x628;&#x628;&#x629; &#x641;&#x64A; &#x627;&#x646;&#x648;&#x627;&#x639; &#x627;&#x644;&#x641;&#x64A;&#x646;&#x648;&#x632;&#x627;&#x631;&#x64A;&#x648;&#x645;.</subfield>
  </datafield>
  <datafield tag="260" ind1=" " ind2=" ">
    <subfield code="c">1984.</subfield>
  </datafield>
  <datafield tag="300" ind1=" " ind2=" ">
    <subfield code="a">193, 7 leaves :</subfield>
    <subfield code="b">ill. ;</subfield>
    <subfield code="c">30 cm.</subfield>
  </datafield>
  <datafield tag="502" ind1=" " ind2=" ">
    <subfield code="a">Thesis (Ph.D.) -- Zagazig University, 1984.</subfield>
  </datafield>
  <datafield tag="504" ind1=" " ind2=" ">
    <subfield code="a">Includes bibliographical reference (leaves172-193 )</subfield>
  </datafield>
  <datafield tag="533" ind1=" " ind2=" ">
    <subfield code="a">Microfiche.</subfield>
    <subfield code="b">Cairo, Egypt :</subfield>
    <subfield code="c">ASUNET,</subfield>
    <subfield code="e">4 microfiche : negative.</subfield>
  </datafield>
  <datafield tag="546" ind1=" " ind2=" ">
    <subfield code="a">Summary in Arabic.</subfield>
  </datafield>
  <datafield tag="596" ind1=" " ind2=" ">
    <subfield code="a">1</subfield>
  </datafield>
  <datafield tag="650" ind1=" " ind2="0">
    <subfield code="a">Potatoes</subfield>
    <subfield code="x">Storage</subfield>
    <subfield code="x">Diseases and injuries .</subfield>
  </datafield>
  <datafield tag="650" ind1=" " ind2="0">
    <subfield code="a">Fusarium diseases of plants </subfield>
    <subfield code="x"> Control</subfield>
  </datafield>
  <datafield tag="942" ind1=" " ind2=" ">
    <subfield code="c">MIC</subfield>
    <subfield code="2">lcc</subfield>
  </datafield>
  <datafield tag="952" ind1=" " ind2=" ">
    <subfield code="0">0</subfield>
    <subfield code="1">0</subfield>
    <subfield code="2">lcc</subfield>
    <subfield code="4">0</subfield>
    <subfield code="7">0</subfield>
    <subfield code="a">ENAL</subfield>
    <subfield code="b">ENAL</subfield>
    <subfield code="d">2018-02-19</subfield>
    <subfield code="l">0</subfield>
    <subfield code="o">THESIS S-7240</subfield>
    <subfield code="p">24823-1001</subfield>
    <subfield code="r">2018-02-19 00:00:00</subfield>
    <subfield code="t">1</subfield>
    <subfield code="w">2018-02-19</subfield>
    <subfield code="y">MIC</subfield>
  </datafield>
  <datafield tag="999" ind1=" " ind2=" ">
    <subfield code="c">6739</subfield>
    <subfield code="d">6739</subfield>
  </datafield>
</record>
